000 00295nam a22001457a 4500
008 221025b ||||| |||| 00| 0 eng d
020 _a9780399521522
041 _aeng
080 _a7
082 _a7KLE
100 _a21.1
101 _aART
245 _aSTYLE
_cKLENSCH E
942 _2udc
_cBK
999 _c58673
_d58673